000 00527nam a2200169Ia 4500
003 GCL
008 140319s9999 xx 000 0 ara d
040 _aGCL /
_cGCL
082 0 4 _a812.008
_bم ب
100 1 _aمصطفى بركات
245 1 0 _aبعد النهاية ظلال السحاب : مسرحيتان /
_cمصطفى بركات
300 _a181 ص
490 _aمسرحيات مختارة
_v0
650 0 4 _aالادب العربى
650 0 4 _aالمسرحيات العربية - مجموعات
942 _2ddc
_cBK
999 _c47424
_d47424